Measuring the competitiveness of the UK construction industry (Record no. 112505)
[ view plain ]
| 000 -LEADER | |
|---|---|
| fixed length control field | 01298cad a2200277 4500 |
| 001 - CONTROL NUMBER | |
| control field | L153413 |
| 008 - FIXED-LENGTH DATA ELEMENTS--GENERAL INFORMATION | |
| fixed length control field | 110722s2004 xxk 000 0 eng u |
| 035 ## - SYSTEM CONTROL NUMBER | |
| System control number | (Sirsi) u153413 |
| 041 ## - LANGUAGE CODE | |
| Language code of text/sound track or separate title | eng |
| 100 1# - MAIN ENTRY--PERSONAL NAME | |
| Personal name | Blake, Neil |
| 245 ## - TITLE STATEMENT | |
| Title | Measuring the competitiveness of the UK construction industry |
| Remainder of title | volume 2 |
| Medium | [electronic resource] |
| 260 ## - PUBLICATION, DISTRIBUTION, ETC. | |
| Place of publication, distribution, etc. | [S.l.] |
| Name of publisher, distributor, etc. | DTI |
| Date of publication, distribution, etc. | 2004 |
| 490 #0 - SERIES STATEMENT | |
| Series statement | Construction Economics and Statistics |
| 520 ## - SUMMARY, ETC. | |
| Summary, etc. | The report looks at the feasibility of comparing construction productivity across countries, and provides an analysis, as far as possible, of the relative productivity levels in UK construction and its main competitors' France, Germany and the US, prior to the second phase of the project which will look at the reasons for construction productivity differences across these countries. |
| 651 #4 - SUBJECT ADDED ENTRY--GEOGRAPHIC NAME | |
| Geographic name | United Kingdom |
| Chronological subdivision | |
| 651 #4 - SUBJECT ADDED ENTRY--GEOGRAPHIC NAME | |
| Geographic name | France |
| 651 #4 - SUBJECT ADDED ENTRY--GEOGRAPHIC NAME | |
| Geographic name | Germany |
| Chronological subdivision | 1990- |
| 651 #4 - SUBJECT ADDED ENTRY--GEOGRAPHIC NAME | |
| Geographic name | United States |
| Chronological subdivision | 1959- |
| 690 ## - LOCAL SUBJECT ADDED ENTRY--TOPICAL TERM (OCLC, RLIN) | |
| Topical term or geographic name as entry element | BUILT ENVIRONMENT-CONSTRUCTION MARKET |
| 700 1# - ADDED ENTRY--PERSONAL NAME | |
| Personal name | Croot, Jane |
| 700 1# - ADDED ENTRY--PERSONAL NAME | |
| Personal name | Hastings, James |
| 710 1# - ADDED ENTRY--CORPORATE NAME | |
| Corporate name or jurisdiction name as entry element | Experian Business Strategies |
| 9 (RLIN) | 4789 |
| 710 1# - ADDED ENTRY--CORPORATE NAME | |
| Corporate name or jurisdiction name as entry element | United Kingdom |
| Subordinate unit | Department of Trade and Industry |
| 856 40 - ELECTRONIC LOCATION AND ACCESS | |
| Uniform Resource Identifier | <a href="https://www.bis.gov.uk/files/file19029.pdf">https://www.bis.gov.uk/files/file19029.pdf</a> |
| Public note | View this item free of charge at www.statistics.gov.uk |
| 942 ## - ADDED ENTRY ELEMENTS (KOHA) | |
| Suppress in OPAC | 0 |
| Withdrawn status | Lost status | Source of classification or shelving scheme | Damaged status | Not for loan | Home library | Current library | Shelving location | Date acquired | Total Checkouts | Full call number | Barcode | Date last seen | Copy number | Price effective from | Koha item type |
|---|---|---|---|---|---|---|---|---|---|---|---|---|---|---|---|
| Dewey Decimal Classification | Virtual | Virtual | Online | 22/07/2011 | ONLINE PUBLICATION | 153413-2001 | 06/08/2019 | 1 | 06/08/2019 | Book |